G95-首都地区环线高速公路途径行政区 - Statistics

General Stats
  • This quiz has been taken 10 times
  • The average score is 7 of 8
Answer Stats
序号 行政区 备注 % Correct
1 承德 里程零点
100%
2 北京 平谷段,在建
100%
3 廊坊 飞地段
100%
4 北京 通州大兴段
100%
5 廊坊 主段
89%
6 保定
89%
7 张家口
89%
8 承德 返回里程零点
78%
No matching quizzes found
Score Distribution
Percent of People with Each Score
Percentile by Number Answered
Your Score History
You have not taken this quiz